| 000 -LEADER |
| fixed length control field |
02309nam a22002057a 4500 |
| 005 - DATE AND TIME OF LATEST TRANSACTION |
| control field |
20260209143505.0 |
| 008 - FIXED-LENGTH DATA ELEMENTS--GENERAL INFORMATION |
| fixed length control field |
260202b ||||| |||| 00| 0 eng d |
| 040 ## - CATALOGING SOURCE |
| Transcribing agency |
SSBUL |
| 041 ## - LANGUAGE CODE |
| Language code of text/sound track or separate title |
English |
| 082 ## - DEWEY DECIMAL CLASSIFICATION NUMBER |
| Edition number |
23 |
| Item number |
T-57 Ph.D. |
| 100 0# - MAIN ENTRY--PERSONAL NAME |
| Personal name |
Nwe Ni Win. |
| Numeration |
4 PhD-Hist-5 |
| 9 (RLIN) |
65930 |
| 245 10 - TITLE STATEMENT |
| Title |
History of Kyaukse in Colonial Period(1886-1948) / |
| Statement of responsibility, etc. |
Nwe Ni Win. |
| 260 ## - PUBLICATION, DISTRIBUTION, ETC. |
| Place of publication, distribution, etc. |
Mandalay : |
| Name of publisher, distributor, etc. |
University of Mandalay, |
| Date of publication, distribution, etc. |
2011. |
| 300 ## - PHYSICAL DESCRIPTION |
| Extent |
xxiii ,153 p. |
| Other physical details |
includes maps,photographs and tables. |
| Dimensions |
29 cm. |
| 502 ## - DISSERTATION NOTE |
| Dissertation note |
This dissertation, on the title of "History of Kyaukse in Colonial Period(1886-1948)" is mentioned the development of agriculture in Kyaukse areathroughout history. Once, Kyaukse was known as barn of the Upper Myanmar, for its ample paddy production. This fundamental economicprivilege, getting well in Colonial Period, provided by sound administrationand advanced transport and communication system. In this way, Kyauksebecame one of the prominent districts in Upper Myanmar, among its adjacent places. The export economy prevailed in Kyaukse for its surplus productionon paddy and other cash crops. The majority of the people from Kyaukse area engaged in trade and commerce. The British, however, made a good contribution to laying down the law to use in governing the various levels. As regards anti-British movements, the patriots of Kyaukse took up whatever weapons they could get hold of and resisted when the British forces entered Kyaukse area. The leaders formed political associations for launching campaigns of anti-imperialist movements throughout the Colonial Period.There appeared political activists in Kyaukse District. Among them, the prominent leaders were Thakhin Ba Shwe Gyi. Thakhin Shwe Ôk, Thakhin Tin Shwe and Bo Khin Maung Lay. The Social developments could be seen the outcome of the economic progress. In brief, all round developments Colonial Kyaukse area is presented by using primary sources. |
| Degree type |
Ph.D. |
| Name of granting institution |
University of Mandalay. |
| Year degree granted |
2011. |
| 504 ## - BIBLIOGRAPHY, ETC. NOTE |
| Bibliography, etc. note |
includes bibliography. |
| 505 ## - FORMATTED CONTENTS NOTE |
| Formatted contents note |
Contents<br/>Introduction<br/>Chapters<br/>1.Historical Settings <br/>2.The Economic Conditions<br/>3.The Political Situation of Kyaukse<br/>4.Social Conditions |
| Statement of responsibility |
Nwe Ni Win. |
| Title |
History of Kyaukse in Colonial Period(1886-1948). |
| 650 ## - SUBJECT ADDED ENTRY--TOPICAL TERM |
| Topical term or geographic name entry element |
Kyaukse, Myanmar |
| General subdivision |
History |
| Chronological subdivision |
(1886-1948) |
| 9 (RLIN) |
65931 |
| 942 ## - ADDED ENTRY ELEMENTS (KOHA) |
| Source of classification or shelving scheme |
|
| Koha item type |
Reference |